Дело о назначении половинного пенсиона вдове актёра Плавильщикова

Доступно только в Электронных читальных залах Найти на картеНа карте
RUSMARC
00003586nmc2a22000003x 450
001a8b10421-9d50-4130-a94f-544faa854807
00520181003101723.0
100##$a20161208l18121812k l0rusy0189 ca
1010#$arus
102##$aRU
2001#$aДело о назначении половинного пенсиона вдове актёра Плавильщикова
$j23 октября - 8 ноября 1812 г.
251##$cДело
300##$aДело
801#0$aRU
$bРГИА
$c20161208
$gRCR
801#1$aRU
$bГлавНИВЦ
$c20161208
$2rusmarc
801#2$aRU
$bПБ им. Б.Н. Ельцина
$c20181003
$gRCR
$2rusmarc
850##$aРГИА
852##$aРГИА
$eФедеральное казенное учреждение "Российский государственный исторический архив" (РГИА)
$j1016
937##$hРГИА
$d12234993
$aASBIBLIO_SCAN
462#0$1001dd3991dc-24e1-42ec-8838-ca4255420416
$12001
$a1746-1850 гг.
$1251
$cОпись
$1852
$j1
461#0$10019264ebf8-de62-4f1a-9eb4-9f22098dbbd5
$12001
$aДирекция императорских театров МИДв
$1251
$cФонд
$1852
$j497
215##$a6 л.
$d36,5х26 см
371##$aДокумент не является опубликованным и широко распространяемым
105##$ay###
1222#$ad
035##$aa8b10421-9d50-4130-a94f-544faa854807
856##$uhttp://readingroom.main.prlib.ru/item.aspx?id_node=n118830030&mode=full
Формат отображения